[Event "SUI-chT"]
[Site "Switzerland"]
[Date "2011.08.27"]
[Round "6.4"]
[White "Ambrosini, Nicola"]
[Black "Lamoureux, Charles"]
[Result "0-1"]
[WhiteElo "2250"]
[BlackElo "2342"]
[PlyCount "71"]
[EventDate "2011.02.27"]
[EventType "team-tourn"]
[EventRounds "9"]
[EventCountry "SUI"]
[SourceTitle "EXT 2012"]
[Source "ChessBase"]
[SourceDate "2011.11.24"]
[SourceVersion "1"]
[SourceVersionDate "2011.11.24"]
[SourceQuality "1"]
[WhiteTeam "Echallens"]
[BlackTeam "Le Joueur"]
[WhiteTeamCountry "SUI"]
[BlackTeamCountry "SUI"]

1. e4 c5 2. Nc3 Nc6 3. f4 e6 4. Nf3 Nge7 5. d4 cxd4 6. Nxd4 d6 7. Ndb5 Ng6 8. a4 Be7 9. Be3 0-0 10. Qd2 a6 11. Na3 Bd7 12. Nc4 Nb4 13. Bb6 Qe8 14. Ba5 d5 15. Nb6 Rd8 16. exd5 exd5 17. 0-0-0 Be6 18. f5 d4 19. Ne2 d3 20. Bxb4 dxe2 21. Qxe2 Rxd1+ 22. Qxd1 Bxb4 23. fxe6 Qxe6 24. Nd5 Bc5 25. Bc4 b5 26. axb5 axb5 27. Bxb5 Rd8 28. Bc4 Ne5 29. Bb3 Qa6 30. Kb1 Kh8 31. Re1 f6 32. Qe2 Qa7 33. Nf4 Ra8 34. c3 Qb6 35. Bd5 Rb8 36. Nd3 0-1

[Event "Lugano New op 1st"]
[Site "Lugano"]
[Date "2007.04.30"]
[Round "3"]
[White "Cucchiani, Claudio"]
[Black "Ambrosini, Nicola"]
[Result "0-1"]
[WhiteElo "2034"]
[BlackElo "2291"]
[PlyCount "144"]
[EventDate "2007.04.29"]
[EventType "swiss"]
[EventRounds "6"]
[EventCountry "SUI"]
[SourceTitle "CBM 118 Extra"]
[Source "ChessBase"]
[SourceDate "2007.07.04"]
[SourceVersion "1"]
[SourceVersionDate "2007.07.04"]
[SourceQuality "1"]

1. d4 g6 2. c4 Bg7 3. Nc3 Nf6 4. e4 d6 5. f3 0-0 6. Be3 Nc6 7. Qd2 a6 8. Nge2 Rb8 9. Rb1 Bd7 10. b4 b5 11. cxb5 axb5 12. d5 Ne5 13. Nd4 Qe8 14. Be2 c5 15. dxc6 Bxc6 16. 0-0 Bd7 17. Rfc1 Rb7 18. Rc2 Qb8 19. Rbc1 e6 20. a3 d5 21. exd5 exd5 22. Nd1 Nc4 23. Bxc4 dxc4 24. Nc3 Rd8 25. Qf2 Qe5 26. Rd2 Ra8 27. Ra1 Bf8 28. Raa2 Re8 29. Re2 Bd6 30. g3 Qh5 31. Rad2 Bb8 32. Qg2 Ba7 33. Qf2 Qh3 34. Bg5 Rxe2 35. Qxe2 Qf5 36. Be3 Qe5 37. Qf2 Nd5 38. Nxd5 Qxd5 39. Kg2 Qh5 40. Kg1 Qe5 41. Kg2 h5 42. Bf4 Qf6 43. Qe3 Bb8 44. Bg5 Qe5 45. Kf2 f6 46. Bf4 Qxe3+ 47. Bxe3 Kf7 48. Ke2 Ba7 49. Kd1 Bh3 50. Kc2 Re7 51. Bf4 Bd7 52. Bd6 Re3 53. Bc5 Bb8 54. Nc6 Bf5+ 55. Kd1 Rxf3 56. Nxb8 c3 57. Rf2 c2+ 58. Kc1 Rxa3 59. Rxc2 Bxc2 60. Kxc2 Ra2+ 61. Kc3 Rxh2 62. Nc6 Rh3 63. Kd4 Rxg3 64. Na7 Ke6 65. Nxb5 h4 66. Nc7+ Kd7 67. Nd5 h3 68. Nxf6+ Ke6 69. Bd6 h2 70. Bxg3 h1Q 71. Ne4 Qd1+ 72. Ke3 Qb3+ 0-1

[Event "Lugano New op 1st"]
[Site "Lugano"]
[Date "2007.04.29"]
[Round "2"]
[White "Ambrosini, Nicola"]
[Black "Herrera, Gustavo"]
[Result "0-1"]
[WhiteElo "2291"]
[BlackElo "2121"]
[PlyCount "76"]
[EventDate "2007.04.29"]
[EventType "swiss"]
[EventRounds "6"]
[EventCountry "SUI"]
[SourceTitle "CBM 118 Extra"]
[Source "ChessBase"]
[SourceDate "2007.07.04"]
[SourceVersion "1"]
[SourceVersionDate "2007.07.04"]
[SourceQuality "1"]

1. e4 d5 2. exd5 Qxd5 3. Nc3 Qa5 4. d4 c6 5. Nf3 Nf6 6. Bc4 Bf5 7. Bd2 Qc7 8. Ne5 e6 9. g4 Bg6 10. h4 b5 11. h5 Be4 12. Nxe4 Nxe4 13. Bd3 Nxd2 14. Qxd2 Nd7 15. Qe2 Nxe5 16. dxe5 Bb4+ 17. c3 Bc5 18. Qe4 Qb6 19. 0-0 g6 20. b4 Be7 21. hxg6 hxg6 22. Kg2 Kf8 23. a4 Kg7 24. axb5 cxb5 25. Ra5 a6 26. Bxb5 Rac8 27. Bc4 Rh4 28. Rxa6 Qc7 29. Bd3 Qxc3 30. Ra7 Qxb4 31. Qxb4 Bxb4 32. Kg3 Rch8 33. Bc4 Rh3+ 34. Kf4 Rd8 35. Bxe6 Rd4+ 36. Kg5 Rf3 37. Rxf7+ Rxf7 38. Bxf7 Be7# 0-1

[Event "Lugano op"]
[Site "Lugano"]
[Date "2003.10.31"]
[Round "5"]
[White "Ambrosini, Nicola"]
[Black "Habibi, Ali"]
[Result "1-0"]
[WhiteElo "2259"]
[BlackElo "2264"]
[PlyCount "49"]
[EventDate "2003.10.31"]
[EventType "swiss"]
[EventRounds "6"]
[EventCountry "SUI"]
[SourceTitle "EXT 2007"]
[Source "ChessBase"]
[SourceDate "2006.11.23"]
[SourceVersion "1"]
[SourceVersionDate "2006.11.23"]
[SourceQuality "1"]

1. e4 c5 2. Nc3 g6 3. d4 cxd4 4. Qxd4 Nf6 5. e5 Nc6 6. Qf4 Nh5 7. Qe3 Ng7 8. Qe4 Ne6 9. Be3 Bg7 10. f4 f6 11. 0-0-0 f5 12. Qd5 0-0 13. Nf3 Kh8 14. h4 h5 15. Ng5 Nc7 16. Qd2 Qe8 17. Bc4 Na5 18. Be2 b6 19. Nb5 Na6 20. Nxa7 Rxa7 21. Bxb6 Nc6 22. Bxa7 Nxa7 23. Bxa6 Bxa6 24. Qxd7 Qa8 25. Qxe7 1-0

[Event "Lausanne op"]
[Site "Lausanne"]
[Date "2003.??.??"]
[Round "2"]
[White "Savchenko, Stanislav"]
[Black "Ambrosini, Nicola"]
[Result "1-0"]
[WhiteElo "2539"]
[BlackElo "2248"]
[PlyCount "61"]
[EventDate "2003.05.??"]
[EventType "swiss"]
[EventRounds "7"]
[EventCountry "SUI"]
[SourceTitle "EXT 2005"]
[Source "ChessBase"]
[SourceDate "2004.11.15"]
[SourceVersion "1"]
[SourceVersionDate "2004.11.15"]
[SourceQuality "1"]

1. d4 g6 2. c4 Nf6 3. Nc3 Bg7 4. e4 d6 5. Nf3 0-0 6. Be2 e5 7. 0-0 Nc6 8. d5 Ne7 9. b4 Nh5 10. Re1 f5 11. Ng5 Nf4 12. Bxf4 exf4 13. Rc1 Bh6 14. h4 Kh8 15. Bf3 Ng8 16. e5 dxe5 17. Rxe5 Qd6 18. Re8 Qxb4 19. Nb5 Qc5 20. Rxf8 Bxf8 21. Qd2 h6 22. Nh3 a6 23. Nd4 Bg7 24. Nb3 Qe7 25. Nxf4 Kh7 26. h5 g5 27. Re1 Qf7 28. Ne6 g4 29. Bd1 Nf6 30. Nbd4 Ne4 31. Qf4 1-0

[Event "Nice op 8th"]
[Site "Nice"]
[Date "2001.08.07"]
[Round "3"]
[White "Marino, Olivier"]
[Black "Ambrosini, Nicola"]
[Result "1/2-1/2"]
[WhiteElo "2034"]
[BlackElo "2221"]
[PlyCount "75"]
[EventDate "2001.08.06"]
[EventType "swiss"]
[EventRounds "7"]
[EventCountry "FRA"]
[SourceTitle "EXT 2002"]
[Source "ChessBase"]
[SourceDate "2001.11.25"]
[SourceVersion "1"]
[SourceVersionDate "2001.11.25"]
[SourceQuality "1"]

1. e4 d6 2. d4 Nf6 3. Nc3 g6 4. Be3 c6 5. f3 b5 6. Qd2 Nbd7 7. g4 Nb6 8. h4 h5 9. g5 Nfd7 10. f4 Bg7 11. Nf3 a5 12. Bd3 b4 13. Ne2 c5 14. c3 Ba6 15. f5 Nc4 16. Bxc4 Bxc4 17. Nf4 0-0 18. Rc1 e5 19. Ne2 exd4 20. cxd4 Bxe2 21. Qxe2 Re8 22. f6 Bf8 23. Qd3 cxd4 24. Bxd4 Nc5 25. Bxc5 dxc5 26. Qxd8 Raxd8 27. Rc4 Rd3 28. Ke2 Red8 29. Rc2 a4 30. Rd2 Rxd2+ 31. Nxd2 Rd4 32. b3 Bd6 33. Rh3 axb3 34. axb3 Kf8 35. Rd3 Rxd3 36. Kxd3 Bg3 37. Nf3 Ke8 38. Kc4 1/2-1/2

[Event "SUI-ch"]
[Site "Scuol"]
[Date "2001.07.17"]
[Round "6"]
[White "Ambrosini, Nicola"]
[Black "Z'Berg, Jean Pierre"]
[Result "1-0"]
[WhiteElo "2221"]
[BlackElo "2168"]
[PlyCount "47"]
[EventDate "2001.07.12"]
[EventType "swiss"]
[EventRounds "9"]
[EventCountry "SUI"]
[SourceTitle "CBM 083 Extra"]
[Source "ChessBase"]
[SourceDate "2001.09.11"]
[SourceVersion "1"]
[SourceVersionDate "2001.09.11"]
[SourceQuality "1"]

1. e4 c5 2. Nc3 d6 3. f4 g6 4. Nf3 Nc6 5. Bc4 Bg7 6. 0-0 Na5 7. Bb5+ Kf8 8. f5 Nf6 9. Nh4 a6 10. Be2 g5 11. Nf3 h6 12. d4 cxd4 13. Nxd4 Bd7 14. Be3 Rc8 15. Nd5 Kg8 16. Ne6 Nxd5 17. Nxd8 Nxe3 18. Qd2 Nxf1 19. Rxf1 b6 20. Nxf7 Kxf7 21. Bh5+ Kf8 22. f6 Bxf6 23. Rxf6+ exf6 24. Qxd6+ 1-0

[Event "SUI-ch"]
[Site "Scuol"]
[Date "2001.07.16"]
[Round "5"]
[White "Vogt, Lothar"]
[Black "Ambrosini, Nicola"]
[Result "1-0"]
[WhiteElo "2465"]
[BlackElo "2221"]
[PlyCount "87"]
[EventDate "2001.07.12"]
[EventType "swiss"]
[EventRounds "9"]
[EventCountry "SUI"]
[SourceTitle "CBM 083 Extra"]
[Source "ChessBase"]
[SourceDate "2001.09.11"]
[SourceVersion "1"]
[SourceVersionDate "2001.09.11"]
[SourceQuality "1"]

1. e4 d6 2. d4 Nf6 3. Nc3 g6 4. g3 Bg7 5. Bg2 0-0 6. Nge2 e5 7. h3 Nc6 8. Be3 exd4 9. Nxd4 Bd7 10. 0-0 Re8 11. Re1 a6 12. f4 Nxd4 13. Bxd4 c5 14. Bf2 Qc7 15. Qd2 Bc6 16. Rad1 Rad8 17. g4 h6 18. Re3 b5 19. Rde1 b4 20. Nb1 Nd7 21. c3 Nb6 22. b3 a5 23. c4 Re6 24. Qd3 Rde8 25. Nd2 g5 26. f5 R6e7 27. Nf3 Nd7 28. Rd1 Nf6 29. Qxd6 Qb7 30. e5 Rd7 31. exf6 Rxd6 32. Rxe8+ Bxe8 33. Rxd6 Qc7 34. Rd5 Bc6 35. fxg7 Bxd5 36. cxd5 c4 37. bxc4 Qxc4 38. Nd4 Kxg7 39. d6 Kf8 40. Bc6 Qc1+ 41. Kg2 Qf4 42. d7 Ke7 43. Ne6 fxe6 44. Bc5+ 1-0

[Event "SUI-ch"]
[Site "Scuol"]
[Date "2001.07.13"]
[Round "2"]
[White "Ambrosini, Nicola"]
[Black "Raetsky, Alexander"]
[Result "1/2-1/2"]
[WhiteElo "2221"]
[BlackElo "2452"]
[PlyCount "126"]
[EventDate "2001.07.12"]
[EventType "swiss"]
[EventRounds "9"]
[EventCountry "SUI"]
[SourceTitle "CBM 083 Extra"]
[Source "ChessBase"]
[SourceDate "2001.09.11"]
[SourceVersion "1"]
[SourceVersionDate "2001.09.11"]
[SourceQuality "1"]

1. e4 c5 2. Nf3 d6 3. Bb5+ Nd7 4. c3 Ngf6 5. Qe2 a6 6. Ba4 b5 7. Bc2 Ne5 8. d4 Nxf3+ 9. Qxf3 e5 10. Bg5 Be7 11. 0-0 0-0 12. Nd2 Qc7 13. dxe5 dxe5 14. Rfe1 Bg4 15. Qg3 Rfd8 16. Nf3 Bxf3 17. Qxf3 Ne8 18. Be3 c4 19. Rad1 Bc5 20. Bxc5 Qxc5 21. Rd5 Qe7 22. Red1 Nc7 23. Rxd8+ Rxd8 24. Rxd8+ Qxd8 25. Qd1 Qxd1+ 26. Bxd1 Kf8 27. Bg4 Ke7 28. Kf1 Kd6 29. Ke1 a5 30. a3 Na6 31. Bd1 Nc5 32. Bc2 Ke6 33. Ke2 g6 34. g4 g5 35. Ke3 Kd6 36. f3 f6 37. Kd2 Nb7 38. Bd1 Kc5 39. Be2 Nd8 40. Kc2 Ne6 41. Bf1 Nf4 42. Kd2 Ng6 43. Be2 Nh4 44. Kc2 Ng2 45. Kd2 Nf4 46. Bf1 h5 47. Kc2 h4 48. Kd2 h3 49. Ke3 b4 50. axb4+ axb4 51. Kd2 Ng2 52. Be2 Nh4 53. Ke3 Ng6 54. Bf1 Nf4 55. Kd2 Ng2 56. Be2 bxc3+ 57. bxc3 Kb5 58. Bf1 Nh4 59. Ke3 Ng6 60. Kd2 Nf4 61. Kc2 Ng2 62. Kd2 Kc5 63. Ke2 Nf4+ 1/2-1/2

[Event "Geneve op 17th"]
[Site "Geneve"]
[Date "2001.01.23"]
[Round "4"]
[White "Ambrosini, Nicola"]
[Black "Ruiz, Jose Hervas"]
[Result "1-0"]
[WhiteElo "2201"]
[BlackElo "2258"]
[PlyCount "183"]
[EventDate "2001.01.20"]
[EventType "swiss"]
[EventRounds "9"]
[EventCountry "SUI"]
[SourceTitle "EXT 2002"]
[Source "ChessBase"]
[SourceDate "2001.11.25"]
[SourceVersion "1"]
[SourceVersionDate "2001.11.25"]
[SourceQuality "1"]

1. e4 e5 2. Nf3 Nf6 3. Nxe5 d6 4. Nc4 Nxe4 5. d4 d5 6. Ne3 Qf6 7. Qe2 Be6 8. c3 Bd6 9. Nd2 Nxd2 10. Bxd2 0-0 11. g3 Nd7 12. Bg2 c6 13. 0-0 Rfe8 14. Rfe1 Qg6 15. Qf1 f5 16. Qd3 Nf6 17. Bh1 Ne4 18. Ng2 Bd7 19. Bf4 Bf8 20. Be5 Qf7 21. f3 Nd6 22. b3 Rac8 23. Qd2 g6 24. Nf4 g5 25. Nd3 h6 26. Bg2 Kh7 27. Bxd6 Bxd6 28. f4 Qg7 29. Ne5 Be6 30. Kh1 Re7 31. Re3 Rce8 32. Rae1 Bc8 33. b4 a6 34. a4 Qf6 35. Qe2 g4 36. b5 axb5 37. axb5 Bxe5 38. fxe5 Qg6 39. Rf1 h5 40. h4 Be6 41. Qa2 Rf7 42. Rf4 Qg8 43. Re2 Ra8 44. Qb3 Ra1+ 45. Kh2 Qa8 46. Qb4 Qa3 47. bxc6 Qxb4 48. cxb4 bxc6 49. Rc2 Ra6 50. Rf1 Rb6 51. Rfc1 Bd7 52. e6 Bxe6 53. Rxc6 Rfb7 54. b5 Bf7 55. Rxb6 Rxb6 56. Rc5 Rd6 57. Kg1 Kg7 58. Kf2 Kf6 59. Ke3 Re6+ 60. Kf2 Re8 61. Bxd5 Bxd5 62. Rxd5 Ra8 63. Rd6+ Ke7 64. Ra6 Rc8 65. Rc6 Ra8 66. Rc3 Ra2+ 67. Ke3 Rg2 68. Kf4 Rf2+ 69. Ke5 Rf3 70. Rc7+ Kd8 71. Rh7 Rxg3 72. Kxf5 Rb3 73. Rxh5 g3 74. Kf4 g2 75. Rg5 Rb4 76. Ke4 Rb2 77. Kf3 Ke7 78. Rxg2 Rxb5 79. Rg5 Rb1 80. d5 Kf6 81. Kg4 Rb4+ 82. Kh5 Rd4 83. d6 Kf7 84. Rg6 Rb4 85. Kg5 Rb5+ 86. Kh6 Rb4 87. h5 Rd4 88. Kh7 Rd5 89. h6 Rd1 90. d7 Rd2 91. Rg7+ Kf6 92. Kg8 1-0

[Event "Zuerich op 24th"]
[Site "Zuerich"]
[Date "2000.12.27"]
[Round "2"]
[White "Ambrosini, Nicola"]
[Black "Pikula, Dejan"]
[Result "0-1"]
[WhiteElo "2200"]
[BlackElo "2503"]
[PlyCount "48"]
[EventDate "2000.12.26"]
[EventType "swiss"]
[EventRounds "7"]
[EventCountry "SUI"]
[SourceTitle "EXT 2002"]
[Source "ChessBase"]
[SourceDate "2001.11.25"]
[SourceVersion "1"]
[SourceVersionDate "2001.11.25"]
[SourceQuality "1"]

1. f4 d5 2. Nf3 g6 3. e3 Bg7 4. Be2 c5 5. 0-0 Nf6 6. b3 Ne4 7. c3 0-0 8. Qe1 Nc6 9. d3 Nd6 10. Bb2 Nf5 11. Qf2 d4 12. cxd4 cxd4 13. e4 Ne3 14. Rc1 e5 15. Nxe5 Nxe5 16. fxe5 Bxe5 17. Ba3 Re8 18. g3 Bg7 19. Qf4 Be5 20. Qf2 f5 21. exf5 Bxf5 22. Bb4 a5 23. Ba3 Bg7 24. Kh1 Bh6 0-1